2014 Music - Statistics

General Stats
  • This quiz has been taken 563 times
    385 since last reset
  • The average score is 17 of 44
Answer Stats
Hint Answer % Correct
Shake It Off Taylor Swift
93%
Chandelier Sia
92%
Uptown Funk Mark Ronson (feat. Bruno Mars)
90%
All About That Bass Meghan Trainor
89%
Bang Bang! Jessie J, Ariana Grande and Nicki Minaj
88%
Anaconda Nicki Minaj
86%
Take Me To Church Hozier
78%
Stay with Me Sam Smith
78%
Problem Ariana Grande
71%
Fancy Iggy Azalea
68%
Happy Pharrell Williams
67%
Steal My Girl One Direction
66%
Animals Maroon 5
64%
Sky Full of Stars Coldplay
63%
Sing Ed Sheeran
60%
She Looks So Perfect 5 Seconds of Summer
56%
Summer Calvin Harris
51%
Jealous Nick Jonas
51%
Boom Clap Charli XCX
49%
Centuries Fall Out Boy
49%
Can't Remember to Forget You Shakira
43%
#selfie The Chainsmokers
39%
Bailando Enrique Iglesias
29%
I Bet My Life Imagine Dragons
23%
Snap Out of It Arctic Monkeys
17%
Yellow Flicker Beat Lorde
15%
West Coast Lana Del Rey
14%
Sleeping With a Friend Neon Trees
10%
Baby Don't Lie Gwen Stefani
8%
The Miracle (Of Joey Ramone) U2
7%
I Wanna Get Better Bleachers
6%
After the Disco Broken Bells
5%
Lazaretto Jack White
5%
If I Could Change Your Mind Haim
4%
Fever The Black Keys
4%
Heart Is a Drum Beck
3%
Something from Nothing Foo Fighters
3%
Guilty All the Same Linkin Park
3%
Birth in Reverse St. Vincent
3%
Back to the Shack Weezer
3%
I Won't Let You Down OK Go
2%
Who Needs You The Orwells
2%
La Luz Juanes
1%
Clouds Prince
1%
No matching quizzes found
Score Distribution
Percent of People with Each Score
Percentile by Number Answered
Your Score History
You have not taken this quiz since the last reset